Návrh slnečného energetického systému na ohrev teplej vody s celoročným využitím v bytovej budove

Guardado en:
Detalles Bibliográficos
Autor principal: Viglaská, Veronika (Autor)
Otros Autores: Skalík, Lukáš (Orientador)
Formato: Manuscrito Libro
Lenguaje:eslovaco
Publicado: 2023
Materias:
Acceso en línea:http://is.stuba.sk/zp/portal_zp.pl?podrobnosti=171263
https://opac.crzp.sk/?fn=detailBiblioForm&sid=C0DEB8E07572332BAB240A15805F
Etiquetas: Agregar Etiqueta
Sin Etiquetas, Sea el primero en etiquetar este registro!

MARC

LEADER 00000ntm a22000003a 4500
001 stuzp94011
003 SK-STU
005 20230925093738.8
007 ta
008 150427s2015----xo-----f-mn---000-0-slo-d
040 |a STU  |b slo 
041 0 |a slo 
100 1 |a Viglaská, Veronika  |u 010290  |4 aut  |U SvF Stavebná fakulta  |T SvF Katedra technických zariadení budov  |X 93389  |U V290  |Y 31  |7 93389 
242 0 1 |a Design of a solar energy system for hot water heating with year-round use in a residential building  |y eng 
245 1 0 |a Návrh slnečného energetického systému na ohrev teplej vody s celoročným využitím v bytovej budove 
260 |c 2023 
650 4 |a slnečný energetický systém  |2 slo 
650 4 |a solárne kolektory  |2 slo 
650 4 |a ohrev teplej vody  |2 slo 
650 4 |a solar energy system  |2 eng 
650 4 |a solar collectors  |2 eng 
650 4 |a water heating  |2 eng 
700 1 |a Skalík, Lukáš  |u 010290  |k Z1  |4 ths  |U SvF Stavebná fakulta  |T SvF Katedra technických zariadení budov  |X 16316  |U V290  |Y 31  |7 A000016316 
856 4 |u http://is.stuba.sk/zp/portal_zp.pl?podrobnosti=171263 
856 4 |u https://opac.crzp.sk/?fn=detailBiblioForm&sid=C0DEB8E07572332BAB240A15805F